Nagymama háza

Bibliographic Details
Main Author: Tóth, László (Author)
Other Authors: Hajnal, Michal, 1935- (Illustrator)
Format: Article
Language:Hungarian
PhysicalDescription:Ilustr. 1.
Subjects:

MARC

LEADER 00000nab a2200000 a 4500
001 vtls000460119
003 SK-MaSNL
005 20260303222757.0
008 240425c1992 xo 0 hun
015 |a SNBRB19rr/mm-uuuuu 
035 |a CL0460251 
040 |a SNKBUCL  |b slo  |c SNKBUCL  |e AACR2 
041 0 |a hun 
044 |a xo  |c SK 
080 |a 894.511-1(087.5)=945.11  |2 1981 
100 1 |a Tóth, László  |4 aut  |9 267649 
245 1 0 |a Nagymama háza  |c László Tóth 
300 |b Ilustr. 1. 
655 7 |a maďarská poézia  |2 snkbucl  |9 70602 
655 7 |a lyrická poézia  |2 snkbucl  |9 70613 
655 7 |a články z novín a časopisov  |2 snkbucl  |9 267496 
655 7 |a články z odboru literárna veda a krásna literatúra  |2 snkbucl  |9 770045 
700 1 |a Hajnal, Michal,  |d 1935-  |4 ill  |9 160115 
773 0 |t Tücsök  |g Roč. 2, č. 5 (1992), s. 4 
850 |a Slovenská národná knižnica 
852 |a Slovenská národná knižnica 
958 |a RK 
958 |a HU 
958 |a LX 
992 |a RBX 
999 |c 2243513  |d 2245443